[Event "Montreal Mercredi 11"]
[Site "Montreal"]
[Date "2018.11.14"]
[Round "1"]
[White "Nunez, Omar"]
[Black "Lalonde, Paul"]
[Result "1/2-1/2"]
[WhiteElo "1973"]
[BlackElo "1965"]
[PlyCount "29"]
[EventDate "2018.11.14"]
[EventType "swiss"]
[EventRounds "5"]
[EventCountry "CAN"]
[SourceTitle "EXT 2022"]
[Source "ChessBase"]
[SourceDate "2021.10.06"]
[SourceVersion "1"]
[SourceVersionDate "2021.10.06"]
[SourceQuality "1"]

1. Nf3 e6 2. g3 b6 3. Bg2 Bb7 4. d3 f5 5. c4 Nf6 6. Nc3 Be7 7. Bd2 0-0 8. 0-0 Na6 9. a3 c5 10. e3 Nc7 11. Qe2 Qe8 12. Rab1 Qh5 13. Ne5 Qxe2 14. Nxe2 Bxg2 15. Kxg2 1/2-1/2

[Event "Montreal Mercredi 01"]
[Site "Montreal"]
[Date "2016.02.03"]
[Round "5"]
[White "Ouellet, Maili Jade"]
[Black "Lalonde, Paul"]
[Result "1/2-1/2"]
[WhiteElo "2039"]
[BlackElo "1966"]
[PlyCount "78"]
[EventDate "2016.01.06"]
[EventType "swiss"]
[EventRounds "5"]
[EventCountry "CAN"]
[SourceTitle "EXT 2022"]
[Source "ChessBase"]
[SourceDate "2021.10.06"]
[SourceVersion "1"]
[SourceVersionDate "2021.10.06"]
[SourceQuality "1"]

1. d4 Nf6 2. c4 e6 3. Nc3 Bb4 4. Qc2 c5 5. e3 Nc6 6. Nf3 d5 7. a3 cxd4 8. axb4 dxc3 9. bxc3 b6 10. b5 Ne7 11. cxd5 Qxd5 12. c4 Qd7 13. Ba3 Bb7 14. Rd1 Qc7 15. Bd6 Qc8 16. Be2 Ne4 17. Be5 f6 18. Bf4 Ng6 19. Bd3 f5 20. Ne5 Nxf4 21. exf4 0-0 22. 0-0 Rd8 23. Rfe1 Qc5 24. Bf1 Rac8 25. Re3 g5 26. Rxd8+ Rxd8 27. Nd3 Qe7 28. fxg5 Qxg5 29. Qa2 f4 30. Rh3 Nc5 31. Ne1 Rd1 32. Qc2 Rd7 33. Nf3 Qg7 34. Qe2 Rd3 35. Ng5 Rxh3 36. Nxh3 f3 37. Qd2 fxg2 38. Qd8+ Qf8 39. Qg5+ Qg7 1/2-1/2

[Event "Montreal Mercredi 01"]
[Site "Montreal"]
[Date "2016.01.13"]
[Round "2"]
[White "Lalonde, Paul"]
[Black "Pomerantz, Daniel"]
[Result "1-0"]
[WhiteElo "1966"]
[BlackElo "2024"]
[PlyCount "49"]
[EventDate "2016.01.06"]
[EventType "swiss"]
[EventRounds "5"]
[EventCountry "CAN"]
[SourceTitle "EXT 2022"]
[Source "ChessBase"]
[SourceDate "2021.10.06"]
[SourceVersion "1"]
[SourceVersionDate "2021.10.06"]
[SourceQuality "1"]

1. e4 c5 2. Nf3 Nc6 3. Bc4 e6 4. Nc3 a6 5. d4 cxd4 6. Nxd4 Qc7 7. Bb3 Nf6 8. 0-0 Bd6 9. h3 Nxd4 10. Qxd4 Bc5 11. Qd3 0-0 12. Bg5 Qe5 13. Bh4 b5 14. Bg3 Qg5 15. e5 Nh5 16. Ne4 Qe7 17. Bh2 Ba7 18. g4 Bb7 19. gxh5 Qh4 20. Nd6 Bc6 21. Qg3 Qxh5 22. Qg4 Qh6 23. Bf4 f5 24. Nxf5 Qg6 25. Ne7+ 1-0

[Event "Montreal Mercredi 11"]
[Site "Montreal"]
[Date "2015.12.16"]
[Round "5"]
[White "Beaulieu, Pierre"]
[Black "Lalonde, Paul"]
[Result "0-1"]
[WhiteElo "1841"]
[BlackElo "1951"]
[PlyCount "78"]
[EventDate "2015.11.18"]
[EventType "swiss"]
[EventRounds "5"]
[EventCountry "CAN"]
[SourceTitle "EXT 2022"]
[Source "ChessBase"]
[SourceDate "2021.10.06"]
[SourceVersion "1"]
[SourceVersionDate "2021.10.06"]
[SourceQuality "1"]

1. b3 d5 2. Bb2 Bf5 3. e3 Nf6 4. Nf3 Nbd7 5. c4 c6 6. Nc3 e5 7. Rc1 Rc8 8. cxd5 cxd5 9. Bb5 Bd6 10. 0-0 0-0 11. d4 e4 12. Nh4 Bxh2+ 13. Kh1 Bg4 14. Be2 Bxe2 15. Qxe2 Bb8 16. g3 Qe7 17. Kh2 Qe6 18. Rh1 Ng4+ 19. Kg1 f5 20. Qb5 Nb6 21. Re1 g5 22. Ng2 f4 23. exf4 gxf4 24. gxf4 Bxf4 25. Nxe4 dxe4 26. Nxf4 Rxf4 27. Qg5+ Qg6 28. Qxf4 Nxf2+ 29. Kxf2 Rf8 30. Rh4 Rxf4+ 31. Rxf4 Nd5 32. Rfxe4 Qf5+ 33. Kg3 h5 34. R1e2 Qg5+ 35. Kf3 Kh7 36. Ba3 h4 37. Bd6 Qf5+ 38. Rf4 Qh3+ 39. Kf2 Nxf4 0-1

[Event "Montreal Mercredi 10"]
[Site "Montreal"]
[Date "2014.10.22"]
[Round "2"]
[White "Lalonde, Paul"]
[Black "Brodie, Hugh"]
[Result "1/2-1/2"]
[WhiteElo "1819"]
[BlackElo "1882"]
[PlyCount "160"]
[EventDate "2014.10.15"]
[EventType "swiss"]
[EventRounds "5"]
[EventCountry "CAN"]
[SourceTitle "EXT 2022"]
[Source "ChessBase"]
[SourceDate "2021.10.06"]
[SourceVersion "1"]
[SourceVersionDate "2021.10.06"]
[SourceQuality "1"]

1. e4 c5 2. Nf3 Nc6 3. Bc4 g6 4. 0-0 Bg7 5. Re1 d6 6. c3 Nf6 7. d4 0-0 8. Nbd2 cxd4 9. cxd4 d5 10. exd5 Nxd5 11. Nb3 Bg4 12. Bg5 h6 13. Bh4 Re8 14. h3 Bxf3 15. Qxf3 Nf6 16. d5 Na5 17. Nxa5 Qxa5 18. d6 Qb4 19. d7 Rf8 20. Qb3 Qxb3 21. Bxb3 Nxd7 22. Rad1 Nc5 23. Bxe7 Rfc8 24. Bxc5 Rxc5 25. Re7 Rf5 26. Rdd7 Rf8 27. g4 Rf4 28. Kg2 Bxb2 29. Kg3 Rf6 30. Rxb7 Ba3 31. Red7 Bc5 32. f4 Be3 33. Rb4 g5 34. f5 Bb6 35. Re4 Rd6 36. Ree7 Rxd7 37. Rxd7 Kg7 38. Kf3 Kf6 39. Rd6+ Kg7 40. f6+ Kg6 41. Rd7 Bc5 42. Kg3 Bb6 43. h4 Be3 44. hxg5 Bxg5 45. Rxa7 Bxf6 46. Kf4 Kg7 47. Kf5 Bd4 48. Rd7 Bb6 49. a4 Ba5 50. Rb7 Bc3 51. Bc4 Bd2 52. Ke5 Re8+ 53. Kd5 Rc8 54. Kd4 Rd8+ 55. Kc5 Be3+ 56. Kb5 Kg6 57. Bxf7+ Kg5 58. Bh5 Rd5+ 59. Kc6 Rc5+ 60. Kd6 Rc4 61. a5 Ra4 62. Rb5+ Kf6 63. Kc6 Bd2 64. Kb6 Be3+ 65. Kb7 Ke6 66. a6 Bf2 67. Rf5 Bg1 68. Rf1 Be3 69. Rf7 Kd5 70. Rf6 Rb4+ 71. Kc8 Rc4+ 72. Kd7 Ra4 73. Bf7+ Kc5 74. Kc7 Rxg4 75. Be8 Re4 76. Bc6 Bf4+ 77. Kb7 Re7+ 78. Kc8 Rc7+ 79. Kd8 Ra7 80. Rxf4 Rxa6 1/2-1/2

[Event "Montreal CC-ch"]
[Site "Montreal"]
[Date "2013.06.16"]
[Round "5"]
[White "Abdelaal, Ibrahim"]
[Black "Lalonde, Paul"]
[Result "0-1"]
[WhiteElo "1328"]
[BlackElo "1873"]
[PlyCount "42"]
[EventDate "2013.06.14"]
[EventType "swiss"]
[EventRounds "5"]
[EventCountry "CAN"]
[SourceTitle "EXT 2022"]
[Source "ChessBase"]
[SourceDate "2021.10.06"]
[SourceVersion "1"]
[SourceVersionDate "2021.10.06"]
[SourceQuality "1"]

1. e4 e5 2. d4 exd4 3. c3 d5 4. exd5 Qxd5 5. Qxd4 Qxd4 6. cxd4 Nf6 7. Nc3 Bd6 8. Bg5 Nbd7 9. 0-0-0 0-0 10. Nb5 Ne4 11. Be3 f5 12. Nxd6 Nxd6 13. Nh3 Nf6 14. f3 Be6 15. a3 Rfe8 16. Bf4 Rad8 17. Bd3 Nh5 18. Bxd6 Rxd6 19. Rhe1 g6 20. Ng5 Bd7 21. Rxe8+ Bxe8 0-1

[Event "Montreal CC-ch"]
[Site "Montreal"]
[Date "2013.06.15"]
[Round "3"]
[White "Chiku Ratte, Olivier Kenta"]
[Black "Lalonde, Paul"]
[Result "1-0"]
[WhiteElo "2232"]
[BlackElo "1873"]
[PlyCount "55"]
[EventDate "2013.06.14"]
[EventType "swiss"]
[EventRounds "5"]
[EventCountry "CAN"]
[SourceTitle "EXT 2022"]
[Source "ChessBase"]
[SourceDate "2021.10.06"]
[SourceVersion "1"]
[SourceVersionDate "2021.10.06"]
[SourceQuality "1"]

1. d4 Nf6 2. c4 e6 3. Nc3 Bb4 4. e3 c5 5. Nge2 cxd4 6. exd4 0-0 7. a3 Be7 8. Nf4 d5 9. cxd5 Nxd5 10. Ncxd5 exd5 11. Bd3 Nc6 12. 0-0 Bf6 13. Be3 Qd6 14. Qd2 Kh8 15. Bc2 g6 16. Rac1 Be6 17. Ne2 Rfe8 18. Ba4 Rac8 19. Nc3 a6 20. Bb3 Na5 21. Ba2 Nc4 22. Bxc4 Rxc4 23. Rcd1 Rec8 24. Bf4 Qc6 25. Qe3 b5 26. Be5 Bg7 27. h4 h5 28. Qh6+ 1-0

[Event "Montreal Mercredi 11"]
[Site "Montreal"]
[Date "2012.11.21"]
[Round "2"]
[White "Brodie, Hugh"]
[Black "Lalonde, Paul"]
[Result "1/2-1/2"]
[WhiteElo "1861"]
[BlackElo "1933"]
[PlyCount "70"]
[EventDate "2012.11.14"]
[EventType "swiss"]
[EventRounds "5"]
[EventCountry "CAN"]
[SourceTitle "EXT 2022"]
[Source "ChessBase"]
[SourceDate "2021.10.06"]
[SourceVersion "1"]
[SourceVersionDate "2021.10.06"]
[SourceQuality "1"]

1. e4 c5 2. Nf3 d6 3. c3 Nf6 4. Bd3 Bg4 5. Bc2 e6 6. h3 Bh5 7. 0-0 Nc6 8. d3 Be7 9. Nbd2 0-0 10. Re1 Qc7 11. Nf1 Ne5 12. g4 Nxf3+ 13. Qxf3 Bg6 14. Ng3 Nd7 15. Bf4 Ne5 16. Qe2 Rac8 17. Be3 Bh4 18. Kg2 f6 19. Rad1 d5 20. exd5 exd5 21. d4 Bxc2 22. Qxc2 cxd4 23. Bxd4 Bxg3 24. fxg3 Rcd8 25. g5 Nc6 26. gxf6 Nxd4 27. Rxd4 Rxf6 28. Re3 Qf7 29. Rd2 Rf8 30. Ree2 Rf3 31. Rf2 d4 32. cxd4 Rxf2+ 33. Rxf2 Qd5+ 34. Kh2 Rxf2+ 35. Qxf2 Qxa2 1/2-1/2

[Event "Montreal Mercredi 10"]
[Site "Montreal"]
[Date "2012.10.31"]
[Round "5"]
[White "Lalonde, Paul"]
[Black "Nardone, Raul"]
[Result "1-0"]
[WhiteElo "1888"]
[BlackElo "1821"]
[PlyCount "169"]
[EventDate "2012.10.03"]
[EventType "swiss"]
[EventRounds "5"]
[EventCountry "CAN"]
[SourceTitle "EXT 2022"]
[Source "ChessBase"]
[SourceDate "2021.10.06"]
[SourceVersion "1"]
[SourceVersionDate "2021.10.06"]
[SourceQuality "1"]

1. e4 c5 2. Nf3 e6 3. d4 cxd4 4. Nxd4 a6 5. Nc3 Qc7 6. Bd3 Nf6 7. 0-0 Bc5 8. Nb3 Be7 9. Qe2 d6 10. Be3 0-0 11. f4 Nc6 12. a3 b5 13. Nd4 Bb7 14. Rae1 Rfe8 15. Kh1 Rac8 16. Bg1 Nxd4 17. Bxd4 e5 18. Be3 Qb8 19. fxe5 dxe5 20. Qf3 Rxc3 21. bxc3 Bxa3 22. Bg5 Be7 23. Qh3 Qd6 24. Re2 Rc8 25. Bd2 Rc7 26. Qe3 Ba8 27. h3 Qe6 28. Qf3 g6 29. Ref2 Nh5 30. g4 Nf4 31. Bxf4 exf4 32. Qxf4 Bd6 33. Qf3 Be5 34. Qe2 Bxc3 35. Kg2 Be5 36. Qe3 Qd6 37. Qe2 Bd4 38. Rf3 Re7 39. Rf4 Be5 40. R4f3 Bd4 41. h4 Qe5 42. Rf4 Qd6 43. Qf3 Qe6 44. g5 Be5 45. Rg4 Bd4 46. Rc1 Bc6 47. Rd1 Be5 48. h5 Bd7 49. Rh4 Bc6 50. hxg6 fxg6 51. Rf1 Bg7 52. Qf4 Qe5 53. Qxe5 Bxe5 54. Rb1 Bc3 55. Rb3 b4 56. Bc4+ Kg7 57. Kf3 a5 58. Ke3 Ba4 59. Rb1 Bxc2 60. Rbh1 Kh8 61. Rf1 Kg7 62. Rhf4 h6 63. Rf7+ Rxf7 64. Rxf7+ Kh8 65. gxh6 b3 66. Rb7 b2 67. Ba2 Bb4 68. e5 b1Q 69. Bxb1 Bxb1 70. e6 Bc2 71. Kf4 Bd2+ 72. Ke5 Bxh6 73. Kf6 Bf4 74. e7 Ba4 75. Kxg6 Bd6 76. Rb6 Be8+ 77. Kf6 Bxe7+ 78. Kxe7 Ba4 79. Ra6 Kg7 80. Rxa5 Bd1 81. Ra1 Bh5 82. Rg1+ Bg6 83. Rg2 Kh6 84. Kf6 Be8 85. Rh2+ 1-0

[Event "Montreal Mercredi 10"]
[Site "Montreal"]
[Date "2012.10.24"]
[Round "4"]
[White "Lalonde, Paul"]
[Black "Barko, Maxim"]
[Result "1-0"]
[WhiteElo "1888"]
[BlackElo "1751"]
[PlyCount "61"]
[EventDate "2012.10.03"]
[EventType "swiss"]
[EventRounds "5"]
[EventCountry "CAN"]
[SourceTitle "EXT 2022"]
[Source "ChessBase"]
[SourceDate "2021.10.06"]
[SourceVersion "1"]
[SourceVersionDate "2021.10.06"]
[SourceQuality "1"]

1. e4 e6 2. d4 d5 3. Nc3 Bb4 4. e5 c5 5. a3 Bxc3+ 6. bxc3 Qc7 7. Nf3 Nc6 8. Bd3 Bd7 9. 0-0 c4 10. Be2 0-0-0 11. a4 f6 12. Re1 fxe5 13. Nxe5 Nxe5 14. dxe5 Qxe5 15. Be3 Nf6 16. Bxa7 Qxc3 17. a5 Bb5 18. Bb6 Rde8 19. Bf3 Rhf8 20. Re3 Qb4 21. Rb1 Qa4 22. Bc5 Ba6 23. Bxf8 Rxf8 24. Rxe6 Qxa5 25. Qd4 Rd8 26. Qa7 Qa2 27. Reb6 Rd7 28. Qa8+ Kc7 29. Rxb7+ Kd6 30. R7b6+ Ke7 31. Re1+ 1-0

[Event "Montreal Mercredi 04"]
[Site "Montreal"]
[Date "2011.04.27"]
[Round "4"]
[White "Luo, Zhao Yang"]
[Black "Lalonde, Paul"]
[Result "1/2-1/2"]
[WhiteElo "1913"]
[BlackElo "1910"]
[PlyCount "35"]
[EventDate "2011.04.06"]
[EventType "tourn"]
[EventRounds "5"]
[EventCountry "CAN"]
[SourceTitle "EXT 2013"]
[Source "ChessBase"]
[SourceDate "2012.11.22"]
[SourceVersion "1"]
[SourceVersionDate "2012.11.22"]
[SourceQuality "1"]

1. d4 Nf6 2. Nf3 b6 3. c4 e6 4. Bg5 Be7 5. Nc3 Bb7 6. e3 Ne4 7. Bxe7 Qxe7 8. Qc2 f5 9. Bd3 Nxc3 10. Qxc3 0-0 11. h4 d6 12. h5 Nd7 13. Nh4 Qg5 14. 0-0-0 e5 15. c5 exd4 16. Bc4+ d5 17. Rxd4 c6 18. Rh3 1/2-1/2

[Event "Montreal Mercredi 04"]
[Site "Montreal"]
[Date "2011.04.06"]
[Round "1"]
[White "Lalonde, Paul"]
[Black "Lopez Linares, Lizandro Fernando"]
[Result "1/2-1/2"]
[WhiteElo "1910"]
[BlackElo "1892"]
[PlyCount "135"]
[EventDate "2011.04.06"]
[EventType "tourn"]
[EventRounds "5"]
[EventCountry "CAN"]
[SourceTitle "EXT 2013"]
[Source "ChessBase"]
[SourceDate "2012.11.22"]
[SourceVersion "1"]
[SourceVersionDate "2012.11.22"]
[SourceQuality "1"]

1. e4 c5 2. Nf3 d6 3. d4 cxd4 4. Nxd4 Nf6 5. Nc3 a6 6. f3 e5 7. Nb3 Be6 8. Be3 Nbd7 9. Qd2 Rc8 10. 0-0-0 Qc7 11. g4 Be7 12. h4 d5 13. exd5 Nxd5 14. Nxd5 Bxd5 15. Be2 0-0 16. Na1 Be6 17. g5 Rfd8 18. h5 Nb6 19. Qa5 Nd5 20. Qxc7 Rxc7 21. Bd2 Bf5 22. Kb1 Rdc8 23. Rhe1 Bxc2+ 24. Nxc2 Rxc2 25. Bd3 R2c7 26. Rxe5 Nb4 27. Rxe7 Nxd3 28. Rxc7 Rxc7 29. Bc3 Rd7 30. h6 gxh6 31. gxh6 Ne5 32. Re1 f6 33. f4 Ng4 34. Rg1 f5 35. Rh1 Rd6 36. Bg7 Kf7 37. Rh5 Ne3 38. b3 Ke6 39. Rh1 Kd5 40. Be5 Rc6 41. Kb2 Ke4 42. Rh5 b5 43. a3 a5 44. Rg5 Rxh6 45. Rg7 Rh2+ 46. Kb1 h5 47. Bc7 a4 48. bxa4 bxa4 49. Re7+ Kd3 50. Rd7+ Kc4 51. Be5 Rh1+ 52. Kb2 Rh2+ 53. Kb1 Nd5 54. Rf7 h4 55. Rxf5 Kb3 56. Kc1 h3 57. Rh5 Rc2+ 58. Kb1 Rh2 59. Kc1 Ne3 60. Bd4 Ng4 61. f5 Kc4 62. Rh4 Rg2 63. f6 Kxd4 64. f7 Rf2 65. Rxg4+ Kc3 66. Rg3+ Kd4 67. Rxh3 Rxf7 68. Kb2 1/2-1/2

[Event "Montreal Mercredi 02"]
[Site "Montreal"]
[Date "2011.03.09"]
[Round "3"]
[White "Rondon, Luciano"]
[Black "Lalonde, Paul"]
[Result "1/2-1/2"]
[WhiteElo "1869"]
[BlackElo "1880"]
[PlyCount "104"]
[EventDate "2011.02.23"]
[EventType "tourn"]
[EventRounds "5"]
[EventCountry "CAN"]
[SourceTitle "EXT 2013"]
[Source "ChessBase"]
[SourceDate "2012.11.22"]
[SourceVersion "1"]
[SourceVersionDate "2012.11.22"]
[SourceQuality "1"]

1. d4 d5 2. c4 dxc4 3. Nf3 Nf6 4. Nc3 c5 5. e3 e6 6. Bxc4 Be7 7. 0-0 0-0 8. Qe2 a6 9. a4 Nc6 10. Rd1 Qc7 11. b3 cxd4 12. exd4 Na5 13. Bg5 Nxc4 14. bxc4 Bd7 15. Ne5 Rfe8 16. Nxd7 Qxd7 17. Qf3 Rac8 18. Rab1 Rxc4 19. d5 Nxd5 20. Nxd5 exd5 21. Rxd5 Qc7 22. Re1 Rd8 23. Rde5 Qxe5 24. Rxe5 Bxg5 25. Re1 Rdc8 26. g3 b5 27. Kg2 bxa4 28. Qd5 h6 29. Re8+ Rxe8 30. Qxc4 a3 31. Qa4 Re6 32. Qxa3 Be7 33. Qc3 g6 34. h3 Bf6 35. Qc8+ Kg7 36. Qa8 Bc3 37. f4 a5 38. Kf3 Bb4 39. g4 Rd6 40. Ke4 Rd2 41. f5 Rd6 42. fxg6 fxg6 43. Ke5 Rd7 44. Qc6 Re7+ 45. Kd5 Rf7 46. h4 Be7 47. Qc3+ Bf6 48. Qxa5 Bxh4 49. Qb6 h5 50. gxh5 Rf5+ 51. Ke4 Rxh5 52. Qd4+ Kh6 1/2-1/2

[Event "Montreal Mercredi 01"]
[Site "Montreal"]
[Date "2011.01.26"]
[Round "3"]
[White "Lalonde, Paul"]
[Black "Dydak, Mateusz"]
[Result "0-1"]
[WhiteElo "1899"]
[BlackElo "1893"]
[PlyCount "48"]
[EventDate "2011.01.12"]
[EventType "tourn"]
[EventRounds "5"]
[EventCountry "CAN"]
[SourceTitle "EXT 2013"]
[Source "ChessBase"]
[SourceDate "2012.11.22"]
[SourceVersion "1"]
[SourceVersionDate "2012.11.22"]
[SourceQuality "1"]

1. d4 f5 2. c4 Nf6 3. g3 g6 4. Bg2 Bg7 5. Nf3 0-0 6. 0-0 d6 7. Nc3 c6 8. Re1 Na6 9. e4 fxe4 10. Nxe4 Nxe4 11. Rxe4 e5 12. dxe5 dxe5 13. Bg5 Qxd1+ 14. Rxd1 Bf5 15. Re3 Rae8 16. Ra3 h6 17. Bc1 Rd8 18. Re1 e4 19. Nh4 Rd4 20. Nxf5 gxf5 21. b3 Rfd8 22. Be3 Rd1 23. Kf1 Bc3 24. Rxd1 Rxd1+ 0-1

[Event "Montreal Mercredi 11"]
[Site "Montreal"]
[Date "2010.12.08"]
[Round "4"]
[White "Lalonde, Paul"]
[Black "Khudaverdian, Berj"]
[Result "0-1"]
[WhiteElo "1885"]
[BlackElo "1893"]
[PlyCount "102"]
[EventDate "2010.11.17"]
[EventType "swiss"]
[EventRounds "5"]
[EventCountry "CAN"]
[SourceTitle "EXT 2013"]
[Source "ChessBase"]
[SourceDate "2012.11.22"]
[SourceVersion "1"]
[SourceVersionDate "2012.11.22"]
[SourceQuality "1"]

1. d4 d6 2. c4 Bf5 3. Nc3 Nf6 4. Nf3 h6 5. g3 Qd7 6. Bg2 c6 7. 0-0 g5 8. Re1 Na6 9. e4 Bg4 10. e5 dxe5 11. Nxe5 Bxd1 12. Nxd7 Nxd7 13. Rxd1 Rd8 14. Be3 Nab8 15. d5 Nb6 16. dxc6 Nxc6 17. Nd5 Nxd5 18. cxd5 Nb4 19. Bxa7 Bg7 20. Bc5 Na6 21. Ba3 b5 22. Bf1 b4 23. Bxa6 bxa3 24. Bb5+ Kf8 25. Bc6 Bxb2 26. Rab1 Kg7 27. Re1 Kf6 28. Re3 Rd6 29. Rf3+ Kg7 30. Ba4 Rc8 31. Bb3 Rb8 32. Re1 Rb7 33. Re4 Rf6 34. Rd3 Rfb6 35. Ra4 Rd6 36. Rd1 Rbd7 37. Re1 Rf6 38. Rae4 Kf8 39. Kg2 Rf5 40. Ra4 Kg7 41. Ra8 g4 42. Re2 h5 43. Rc2 Rf3 44. Rb8 Rd6 45. Rb4 Rdf6 46. Re2 R3f5 47. Rb7 Bd4 48. Rbxe7 Rxf2+ 49. Rxf2 Rxf2+ 50. Kh1 Rf1+ 51. Kg2 Rg1# 0-1

[Event "Montreal Transcontinental 3-A"]
[Site "Montreal"]
[Date "2010.10.22"]
[Round "1"]
[White "Gauthier, Denis"]
[Black "Lalonde, Paul"]
[Result "1-0"]
[WhiteElo "1936"]
[BlackElo "1880"]
[PlyCount "107"]
[EventDate "2010.10.22"]
[EventType "tourn"]
[EventRounds "5"]
[EventCountry "CAN"]
[SourceTitle "EXT 2013"]
[Source "ChessBase"]
[SourceDate "2012.11.22"]
[SourceVersion "1"]
[SourceVersionDate "2012.11.22"]
[SourceQuality "1"]

1. d4 Nf6 2. c4 g6 3. Nc3 Bg7 4. Nf3 d6 5. Bf4 0-0 6. h3 Nh5 7. Bh2 f5 8. e3 e6 9. Be2 Nf6 10. Qc2 Nc6 11. 0-0 Bd7 12. a3 Qe7 13. b4 Rad8 14. b5 Nb8 15. a4 Bc8 16. Rab1 Nbd7 17. c5 dxc5 18. Bxc7 Rde8 19. Rfd1 Nb6 20. Be5 cxd4 21. Rxd4 Rd8 22. Rbd1 Rxd4 23. Rxd4 Rd8 24. Qd2 Rxd4 25. Qxd4 Nfd7 26. Bxg7 Qxg7 27. a5 Qxd4 28. Nxd4 Nd5 29. Nxd5 exd5 30. Kf1 Kf7 31. Ke1 Ke7 32. Kd2 Kd6 33. Kc3 Nc5 34. f3 Bd7 35. Bd1 Ke5 36. Bc2 f4 37. exf4+ Kxf4 38. Kb4 Ne6 39. Nxe6+ Bxe6 40. Kc5 Ke5 41. Bb3 b6+ 42. axb6 axb6+ 43. Kxb6 d4 44. Bd1 Kf4 45. Kc6 Bc4 46. b6 Ba6 47. b7 Bxb7+ 48. Kxb7 Kg3 49. Kc6 Kxg2 50. Kd5 Kxh3 51. Kxd4 Kg3 52. Ke3 h5 53. f4 h4 54. Bc2 1-0

[Event "Quebec-ch Elite qual"]
[Site "Montreal"]
[Date "2010.05.07"]
[Round "1"]
[White "Hebert, Jean"]
[Black "Lalonde, Paul"]
[Result "1-0"]
[WhiteElo "2431"]
[BlackElo "2016"]
[PlyCount "59"]
[EventDate "2010.05.07"]
[EventType "swiss"]
[EventRounds "5"]
[EventCountry "CAN"]
[SourceTitle "EXT 2013"]
[Source "ChessBase"]
[SourceDate "2012.11.22"]
[SourceVersion "1"]
[SourceVersionDate "2012.11.22"]
[SourceQuality "1"]

1. d4 Nf6 2. c4 e6 3. Nc3 Bb4 4. e3 0-0 5. Bd3 d5 6. Nf3 c5 7. 0-0 Nc6 8. a3 Ba5 9. h3 Qe7 10. Qe2 cxd4 11. exd4 Bd7 12. Bg5 dxc4 13. Bxc4 h6 14. Bh4 Bxc3 15. bxc3 Rac8 16. Bd3 Na5 17. c4 Rfe8 18. Rfe1 Qd8 19. Ne5 Ba4 20. Ng4 Qxd4 21. Bxf6 gxf6 22. Qd2 f5 23. Nxh6+ Kf8 24. Qxa5 Qxd3 25. Qxa4 Rxc4 26. Qxa7 Kg7 27. Qxb7 Kxh6 28. Qxf7 Rec8 29. Rxe6+ Kg5 30. Qf6+ 1-0

[Event "Quebec-ch Elite qual"]
[Site "Montreal"]
[Date "2010.??.??"]
[Round "2"]
[White "Lalonde, Paul"]
[Black "Lepine, Cedric"]
[Result "0-1"]
[WhiteElo "2016"]
[BlackElo "1889"]
[PlyCount "100"]
[EventDate "2010.05.07"]
[EventType "swiss"]
[EventRounds "5"]
[EventCountry "CAN"]
[SourceTitle "EXT 2013"]
[Source "ChessBase"]
[SourceDate "2012.11.22"]
[SourceVersion "1"]
[SourceVersionDate "2012.11.22"]
[SourceQuality "1"]

1. e4 Nf6 2. e5 Nd5 3. d4 d6 4. c4 Nb6 5. Nf3 Nc6 6. exd6 cxd6 7. Be2 Bg4 8. b3 g6 9. Bb2 Bxf3 10. Bxf3 Bg7 11. Na3 e6 12. Qd2 d5 13. Rc1 0-0 14. 0-0 dxc4 15. Nxc4 Nd5 16. Ba3 Nxd4 17. Bxd5 Qxd5 18. Bxf8 Rxf8 19. Rfd1 Rd8 20. Kh1 Qh5 21. Qa5 Rd5 22. Qc7 Bf8 23. Ne5 Rxe5 24. Rxd4 Rd5 25. Rxd5 Qxd5 26. Qc4 Qd2 27. Qc2 Qf4 28. Rd1 h5 29. Qd2 Qf5 30. f3 h4 31. Qd3 Qa5 32. f4 Qc7 33. Qc4 Qb6 34. h3 a5 35. Qe4 Qc7 36. Qe1 Qe7 37. Qd2 b6 38. Rc1 Qd6 39. Qxd6 Bxd6 40. Rc6 Bc5 41. Kh2 Bf2 42. Rc3 Kg7 43. Rf3 Bg3+ 44. Rxg3 hxg3+ 45. Kxg3 Kf6 46. Kg4 e5 47. h4 e4 48. f5 Ke5 49. fxg6 fxg6 50. Kg3 Kf5 0-1

[Event "Montreal Saturday op 10"]
[Site "Montreal"]
[Date "2009.10.14"]
[Round "2"]
[White "Levkovsky, Alexandre"]
[Black "Lalonde, Paul"]
[Result "1/2-1/2"]
[WhiteElo "2211"]
[BlackElo "2029"]
[PlyCount "126"]
[EventDate "2009.10.07"]
[EventType "tourn"]
[EventRounds "5"]
[EventCountry "CAN"]
[SourceTitle "EXT 2011"]
[Source "ChessBase"]
[SourceDate "2010.11.26"]
[SourceVersion "1"]
[SourceVersionDate "2010.11.26"]
[SourceQuality "1"]

1. e4 e5 2. Nf3 Nc6 3. Bb5 a6 4. Ba4 Nf6 5. Qe2 b5 6. Bb3 Be7 7. c3 0-0 8. 0-0 d6 9. h3 h6 10. d4 Re8 11. a4 Bd7 12. d5 Na5 13. Bc2 c6 14. dxc6 Bxc6 15. Rd1 Qc7 16. Nbd2 Bf8 17. b4 Nb7 18. c4 bxc4 19. Qxc4 Rec8 20. Bb2 Bd7 21. Qxc7 Rxc7 22. Bd3 a5 23. b5 Nc5 24. Bb1 Be6 25. Ra3 Rac8 26. Ne1 Nfd7 27. Nd3 f6 28. Nxc5 Nxc5 29. Bc3 Nb7 30. Bb2 d5 31. exd5 Bxa3 32. Bxa3 Bxd5 33. Bf5 Rd8 34. Ne4 Kf7 35. Nd6+ Nxd6 36. Rxd5 Nb7 37. Be4 Ke6 38. b6 Rcd7 39. Rb5 Rd1+ 40. Kh2 Rb8 41. g4 Rd4 42. Bxb7 Rxb7 43. Rxa5 Rd3 44. Bc5 Rd2 45. Ra7 Rbd7 46. b7 Rb2 47. Ra6+ Kf7 48. a5 Rdxb7 49. Ra8 R7b5 50. Be3 Ra2 51. a6 Rba5 52. a7 g6 53. Kg2 f5 54. gxf5 gxf5 55. Rh8 Kg7 56. Rd8 f4 57. Bb6 Ra6 58. Rd6 h5 59. Kf3 Kf7 60. Rh6 R2a3+ 61. Ke4 Rxh3 62. Kxe5 Ra2 63. Rd6 Rha3 1/2-1/2